[Event "Cannes masters k.o."]
[Site "Cannes"]
[Date "2000.02.20"]
[Round "2.1"]
[White "David, Alberto"]
[Black "Fressinet, Laurent"]
[Result "1-0"]
[WhiteElo "2520"]
[BlackElo "2501"]
[Annotator "Tyomkin,D"]
[PlyCount "55"]
[EventDate "2000.02.19"]
[EventType "k.o."]
[EventRounds "5"]
[EventCountry "FRA"]
[SourceTitle "CBM 076"]
[Source "ChessBase"]
[SourceDate "2000.05.31"]
[SourceVersion "1"]
[SourceVersionDate "2000.05.31"]
[SourceQuality "1"]

1. e4 c5 2. Nf3 d6 3. d4 cxd4 4. Nxd4 Nf6 5. Nc3 a6 6. Bg5 e6 7. f4 Nc6 8. Qd3
{Rare line. After 7...Nc6, white has two main lines: 8.Nxc6 bxc6 9.e5 and 8.e5.
Both of them lead to whites advantage, and prove that 9..Nc6 isn't such good
line for black. Between two these lines, 8.Nxc6 looks more dangerous for black.
} (8. Nxc6 bxc6 9. e5 h6 10. Bh4 g5 11. fxg5 Nd5 12. Ne4 Qb6 13. Bd3 hxg5 14.
Bg3 {1-0 Tischbierek,R-Shirov,A/Germany 2000/CBM 76_02 (24)}) (8. e5 h6 9. Bh4
dxe5 10. Nxc6 Qxd1+ 11. Rxd1 bxc6 12. fxe5 Nd5 13. Ne4 Rb8 14. b3 Be7 15. Bg3
O-O 16. Be2 a5 17. c4 Nb4 18. Rd2 Rd8 19. Rf1 Rxd2 20. Kxd2 {White looks much
better in this ending[Tyomkin,D]. 1/2-1/2 Adams,M-Anand,V/Linares 1997/CBM 57/
[Huzman] (32)}) 8... h6 9. Bh4 g5 $146 ({White didn't get any opening
advantage in following game:} 9... Bd7 $5 10. O-O-O g5 11. fxg5 Ng4 12. Nf3 Be7
13. Be2 hxg5 14. Bg3 Nge5 15. Nxe5 Nxe5 16. Bxe5 dxe5 {and black looks safe. 1/
2-1/2 Blaskowski,J-Schoenthier,F/BL2W 1990 (30)}) 10. fxg5 Ng4 11. Nxc6 bxc6
12. O-O-O hxg5 13. Bg3 Qb6 {After the series of logical moves from both sides,
the typical Naidorf position was arised on the board. This position is with
mutual chances, but white can not create immediate threats on black's
position- the meaning is that the opening has passed successfully for black.}
14. Rd2 (14. Be2 Nf2 15. Bxf2 Qxf2 16. Qc4 (16. e5 Qf4+ 17. Kb1 Qxe5 18. Bf3
Bb7 19. Rhe1 Qa5 20. Ne4 O-O-O $17) (16. Kb1 Qc5 $1 {[%cal Gc5e5]}) 16... Bd7
17. Kb1 Qb6 18. e5 d5 $15) 14... Ne5 15. Bxe5 dxe5 16. Na4 Qc7 17. Be2 Rb8 18.
Rhd1 (18. a3 $5 {preventing Rb4.}) 18... Be7 (18... Rxh2 $2 19. Qd8+ Qxd8 20.
Rxd8+ Ke7 21. Bxa6 $16) 19. Bg4 Rb4 20. Nc3 Rd4 $2 {Annoying mistake for black.
By simple 20...f5 black could get an advantage.} (20... f5 $1 21. exf5 {
Maybe because of this move black declined 20..f5, but black is safe here.} (21.
Be2 g4 $17 {[%cal Ge7g5]}) 21... Rxg4 22. f6 Bxf6 23. Ne4 (23. Qg6+ Ke7 (23...
Qf7 24. Rd8+ Bxd8 25. Rxd8+ Kxd8 26. Qxf7 Rxh2 $15) 24. g3 $1 $40 {[%cal Gd2f2]
}) 23... Rxe4 24. Qxe4 O-O $1 {I almost forgot, that black still may castle!})
21. Qf3 Rxd2 22. Rxd2 Rxh2 $2 (22... Rh6 $1 23. Rd1 c5 (23... Rxh2 $2 24. Bh5 {
[%csl Rf7]})) 23. Bh5 $16 Rh1+ $2 (23... Bc5 24. Rd1 {[%cal Gd1f1] Black can
not protect f7-point} Qe7 25. Rf1 Bd4 (25... Be3+ 26. Kb1 Bf4 27. g3 Rxh5 28.
Qxh5 Bxg3 29. Rd1 $1 $18 {[%cal Rh5h8]}) 26. Bxf7+ Kd8 $16) 24. Nd1 {Suddenly
blacks position became defendless-the main weakness is f7.} Bc5 25. g4 Re1 26.
Qf6 Bd6 (26... Be3 27. Bxf7+ Qxf7 28. Qd8#) 27. Qh8+ Bf8 28. Rf2 {[%csl Rf7]}
1-0

[Event "Norway Chess 4th"]
[Site "Stavanger"]
[Date "2016.04.20"]
[Round "2"]
[White "Giri, Anish"]
[Black "Vachier Lagrave, Maxime"]
[Result "0-1"]
[WhiteElo "2790"]
[BlackElo "2788"]
[Annotator "Vachier Lagrave,M"]
[PlyCount "56"]
[EventDate "2016.04.19"]
[EventType "tourn"]
[EventRounds "9"]
[EventCountry "NOR"]
[EventCategory "21"]
[SourceTitle "CBM 172"]
[Source "ChessBase"]
[SourceDate "2016.05.12"]
[SourceVersion "1"]
[SourceVersionDate "2016.05.12"]
[SourceQuality "1"]

1. e4 c5 2. Nf3 d6 3. d4 cxd4 4. Nxd4 Nf6 5. Nc3 a6 6. Bg5 {Anish goes for it!
A very unexpected but principled decision. For some reason I had had a look at
my notes not long before the game so I still had a few fresh memories of how
to play this position.} e6 7. f4 h6 8. Bh4 Qb6 9. a3 {One of the issues of the
move order I chose to enter the Poisoned Pawn as the bishop can come back to
f2 in the event of ...Nc6. The lines are thus less forcing but nonetheless
very sharp, but I generally don't mind that.} Be7 10. Bf2 Qc7 11. Qf3 Nbd7 ({
I had chosen} 11... b5 {against Sasha Grischuk at the London Chess Classic.}
12. g4 Nc6 (12... Bb7 $2 13. g5 hxg5 14. fxg5 Nfd7 15. g6 $16) 13. Nxc6 (13.
O-O-O Bb7 14. h4 d5 $1) 13... Qxc6 14. O-O-O Bb7 15. Bd3 {would have been a
bit dodgy though as my cherished d5 break is not possible anymore.} d5 (15...
g5 16. fxg5 hxg5 17. Bd4) 16. exd5 Nxd5 17. Be4 {with a big advantage.}) 12.
O-O-O b5 13. g4 g5 (13... Bb7 14. Bg2 (14. h4 Nc5 15. Bd3 d5 16. e5 Nfe4 {
looks good for Black.}) 14... g5 {is the other option but I prefer to keep the
bishop on c8 for now to keep control of the e6-square in case of f5.}) 14. h4 (
14. Bg2 Rb8 15. Qh3 $5 b4 $1 16. axb4 Rxb4 17. fxg5 Nxg4 $1 {could become very
double-edged as} 18. Qxg4 Bxg5+ 19. Kb1 (19. Rd2 Ne5 20. Qg3 Nc4) 19... Qxc3
20. Nb3 Qc7 {looks good for Black.}) 14... gxf4 15. Be2 $1 {A great idea,
already seen in correspondence chess. But I wasn't aware of that.} Rg8 {
After a while, I decided in favor of this move, most importantly because it
contained a subtle trap.} (15... Ne5 16. Qxf4 Nexg4 {is the direct option but
it leads to a very unpleasant position after the more or less forced sequence:}
17. Bxg4 e5 18. Nd5 $1 (18. Qxf6 $2 Bxf6 19. Nd5 Qd8 20. Nc6 Bxg4 {wouldn't be
as smart as it looks.}) 18... Nxd5 19. Qf3 Bxg4 (19... Nf4 20. Bxc8 Rxc8 21.
Rd2 {followed by Nf5 is worrisome.}) 20. Qxg4 Nf6 21. Qf3 exd4 22. Bxd4 Rg8 23.
Bxf6 Bxf6 24. Qxf6 Rc8 25. Rh2 Rg6 26. Qf4 {and White has a definite pull on
the position.}) (15... h5 16. g5 Ng4 17. Qxf4 $1 e5 18. Nd5 Qb7 19. Qg3 {
is awful.} Nxf2 20. Qxf2 exd4 21. Nxe7 Kxe7 22. Qxd4) (15... Bb7 {is
objectively best. My main concern was having to surrender the h-file but
apparently it's not the end of the world after} 16. g5 Ne5 17. Qxf4 Ng6 18. Qf3
(18. Qe3 hxg5 19. hxg5 Rxh1 20. Rxh1 Nd7 21. Rh7 Qc5) 18... hxg5 19. hxg5 Rxh1
20. Rxh1 Nd7 21. Be3 Nde5 22. Qf2 O-O-O {and no sacrifice on b5 works quite
yet. Still things are a bit dodgy as there's no further plan available.}) (
15... d5 16. g5 $1 {I didn't measure the strength of this move as 16.exd5 was
more of a concern to me.} (16. exd5 Ne5 $1 (16... Bb7 17. dxe6 $1 Bxf3 18.
exd7+ {would give White tremendous play for the queen and never quite appealed
to me.} Kf8 $5 (18... Qxd7 19. Bxf3 O-O-O 20. Nc6 Qc7 21. g5) 19. Bxf3 Rd8 20.
g5 hxg5 21. hxg5 Rxh1 22. Rxh1 Ng8 23. g6 $1 Qxd7 24. Bd5 Qxd5 $6 (24... Nf6
25. Bxf7 Qxd4 26. Bxd4 Rxd4 $14) 25. Nxd5 Rxd5 26. Rh7 $1 fxg6 27. Ne6+ Ke8 28.
Nc7+) 17. d6 {scared me but maybe without any good reason as after} (17. Ncxb5
$2 axb5 18. Nxb5 Qb8 19. Qc3 Ne4 $3 {The great defensive shot I missed,
completely turning the tables.} (19... Nxd5 $4 20. Rxd5) 20. Nc7+ Kf8 21. Qxe5
Bf6) 17... Nxf3 18. dxc7 Ne5 19. Ndxb5 axb5 20. Bd4 Nc6 21. Bxb5 Bb7 {Black
should be fine:} 22. g5 hxg5 23. hxg5 Rxh1 24. Rxh1 Nd5 25. Nxd5 exd5 26. Be5
Kd7 27. Bxf4 Bd6) 16... Ne5 17. Qg2 Nxe4 (17... Rg8 18. exd5 Bb7 19. Qh3 $1
Nxd5 20. Nxe6 {with a winning attack.}) 18. Nxe4 dxe4 19. Qxe4 Bb7 20. Nxe6 $1
fxe6 21. Bh5+ Kf8 22. Qxf4+ Kg8 23. Bf7+ Kh7 24. g6+ Kg7 25. Bd4 Bf6 26. Rhf1
Nd3+ 27. Rxd3 Qxf4+ 28. Rxf4 e5 29. Rxf6 Kxf6 30. Bc3 {and Black ends up with
a very difficult endgame to hold.}) 16. Rdg1 $2 {Now my break attempt is much
more powerful as the rook has left the d-file. But Anish wanted to keep his
rook on the h-file in case it opened.} (16. g5 $1 {was the most principled,
and it seems to work:} Ne5 (16... hxg5 17. hxg5 Rxg5 18. Rh8+ Rg8 19. Rxg8+
Nxg8 20. e5 Bb7 21. Nxe6 {would win on the spot, and I didn't need to
calculate lines to realise that.} fxe6 22. Qh5+ Kf8 (22... Kd8 23. exd6 Bxd6
24. Qf7 Ne7 25. Qxe6) 23. Rg1 dxe5 24. Qh8 Ndf6 25. Bh5 $1 Bd6 26. Bh4 {
all wins}) 17. Qxf4 hxg5 (17... Nfg4 {was the move that concerned Anish. But
it fails to} 18. Bxg4 $1 (18. gxh6 Nxf2 19. Qxf2 Rh8 {would also be better but
doesn't look so clear.}) 18... hxg5 19. Qg3 gxh4 20. Rxh4 Bxh4 21. Qxh4 Nxg4 (
21... Rxg4 22. Qh8+ Kd7 23. Ndxb5 axb5 24. Qxe5) 22. Rg1 {and White wins
material.}) 18. hxg5 Nfd7 (18... Nfg4 19. Bh4) (18... Nh7 19. Ncxb5 $1 {
the most precise move order for what will follow.} axb5 20. Rxh7 Bxg5 21. Qxg5
$1 Rxg5 22. Rh8+ Ke7 23. Bh4 {leaving Black defenceless:} f6 24. Bxg5 fxg5 25.
Rh7+ Nf7 26. Rf1 Kf8 27. Nxb5) 19. Nxe6 $1 {The shot that I underestimated, as
otherwise if my knights get to g6 and e5 things aren't that brutal.} fxe6 20.
Rh7 $1 Bb7 (20... Bxg5 21. Bh5+ Nf7 (21... Kd8 22. Bh4) 22. Rxf7 $1 Bxf4+ 23.
Rxf4+ Kd8 24. Bh4+) 21. Bh5+ Kd8 22. g6 {and I'm too cramped to defend:} Bf6 (
22... Qc6 23. Rxe7) (22... Nxg6 23. Bxg6 Rxg6 24. Rh8+ Nf8 25. Rxf8+ Kd7 26.
Rf7) 23. Bg4 $1 (23. Bh4 Bxh4 24. Qxh4+ Kc8 25. Qe7 Kb8 26. Rxd6 Ka7 {would
still be bad but I'd have a fighting chance.}) 23... Nxg6 (23... Nxg4 24. Qxg4
{and there are too many weaknesses to take care of.}) 24. Rxd7+ $1 Qxd7 25.
Qxf6+ Kc7 26. Bc5 $1 Raf8 27. Qd4 Rd8 28. Bb6+ Kb8 29. Bxd8 Rxd8 30. Qf6 {
with a technically winning position.}) (16. Qxf4 $1 {Actually worked as well.}
e5 (16... Ne5 17. g5 hxg5 18. hxg5 {would be the same after} Nfd7 19. Nxe6 $1)
17. Qxh6 exd4 (17... Rg6 18. Ne6 $1 {is crushing after} Qb7 19. Ng7+ Kd8 20.
Qh8+ Bf8 21. g5) 18. Bxd4 Bb7 19. Rhf1 {and Black is in trouble again:} Nxg4 (
19... Rg6 20. Qf4 O-O-O 21. g5) 20. Bxg4 Rxg4 21. Rxf7 $1 Kxf7 22. Qh5+ Rg6 23.
Qh7+ Ke8 24. Qxg6+ Kd8 25. Qg8+ Nf8 26. Rf1 {with a terrifying attack.}) 16...
d5 $1 {Now this break works much better.} 17. exd5 ({I thought} 17. g5 {
was the only way to complicate matters. I calculated all the following:} Ne5
18. Qh3 Nxe4 19. gxh6 Rh8 20. Nxe4 dxe4 21. h7 Rxh7 22. Rg8+ Bf8 {but wasn't
as certain as the computer that White has no real resources here.}) 17... Ne5 (
17... Bb7 {would also work, but allowing the queen sacrifice again felt
unnecessary:} 18. dxe6 (18. Nc6 Bf8 $1) 18... Bxf3 19. exd7+ Qxd7 20. Bxf3 Rc8
21. g5 Rxc3 $1 22. bxc3 Nd5 23. gxh6 Rh8 {but Black still has the upper hand.})
18. Qh3 (18. Ndxb5 axb5 19. Nxb5 Qb8 20. Qc3 Nxd5 {wouldn't work at all.})
18... exd5 19. Re1 (19. Nf5 Bxf5 20. gxf5 Rxg1+ 21. Rxg1 O-O-O $1 (21... Bc5 {
was my intention but it gives White the opportunity to make his life easier:}
22. Nxd5 Nxd5 23. Bxc5 Qxc5 24. Rg8+ Ke7 25. Rxa8 f3 26. f6+ Kxf6 27. Rxa6+ Ke7
28. Bxf3 Qe3+ 29. Kb1 Nc7 $1 30. Rxh6 Qxh6 {And White is still in definite
trouble but the reduced number of pawns works in his favour especially if the
queens get exchanged at some point, as two knights will not win if all the
pawns get exchanged.}) 22. Kb1 Bc5) (19. Bf3 $1 {isn't too natural but might
have been a good resource, forcing me once again to find} Kf8 $1 (19... h5 20.
Nxd5 Nxd5 21. Bxd5 hxg4 22. Bxa8 gxh3 23. Rxg8+ $13) (19... Bxg4 $6 20. Nxd5
Nxd5 21. Bxg4) (19... Nxf3 20. Qxf3 Bb7 21. g5 hxg5 22. Rxg5 O-O-O 23. Rf5 $1
$11) (19... Qd6 $1 {could also be good to just pick up the pawn on g4. But
that doesn't look good at first sight...}) 20. Kb1 h5 21. Nxd5 Nxd5 22. Bxd5
Bxg4 23. Qh2 Rd8 {with a clear advantage after the forced line} 24. Qxf4 Rxd5
25. Rxg4 Rxg4 26. Ne6+ Kg8 27. Nxc7 Rxf4 28. Nxd5 Rxf2 29. Nxe7+ Kg7 {but
White might be able to hold this.}) (19. Qg2 Bb7 {followed by ...Ne4 wouldn't
be good.}) 19... Kf8 $5 {Not needed according to the computer, but preventing
any sacrifice on b5 looked good to me, as now the Re1 looks stupid.} (19... h5
20. Bxb5+ axb5 21. Ndxb5 Qb8 22. Bd4 Nexg4) 20. Nf5 (20. Qg2 Bxg4 21. Nxd5 Qb7
$1 {would win a piece after} 22. Nxf4 Qxg2 23. Nxg2 Bxe2 24. Rxe2 Rxg2 25. Rxe5
Rxf2) 20... Bxf5 21. gxf5 Bc5 $1 {Getting complete control over the dark
squares. If White could consolidate his king now, things wouldn't be so
terrible yet, but here he's just not in time not to get rolled over. It was
actually quite unexpected to me how fast things got really bad for White, but
all my pieces are suddenly in the right place.} 22. Qf1 (22. Bxc5+ Qxc5 {
followed by either ...d4 or ...Rg3 would be the start of a mating attack.}) (
22. Nxb5 axb5 23. Qc3 Be3+) 22... d4 23. Nb1 (23. Nd1 Rc8 24. Bd3 Nfg4 25. Kb1
Ne3 {would be really bad as well.}) 23... Ne4 24. Bf3 Nxf2 $1 {Winning on the
spot, in more than one way.} 25. Bxa8 Ned3+ (25... d3 26. Nc3 d2+ 27. Kxd2 Be3+
{was also more than enough but I had my preferences for the text move, as it
was completely forcing and I liked the final position.}) 26. Kd2 (26. cxd3
Bxa3+ 27. Kd2 Bb4+ 28. Ke2 f3+ $1 29. Kxf3 (29. Bxf3 Qc2+) 29... Qg3+ 30. Ke2
Qe3#) 26... Nxe1 27. Qxf2 d3 $1 28. Qxe1 Be3+ (28... Be3+ 29. Kxd3 Qc4#) 0-1

[Event "Chicago op 26th"]
[Site "Chicago"]
[Date "2017.05.27"]
[Round "4"]
[White "Corrales Jimenez, Fidel"]
[Black "Vazquez, Guillermo"]
[Result "0-1"]
[WhiteElo "2511"]
[BlackElo "2443"]
[Annotator "Vazquez,G"]
[PlyCount "88"]
[EventDate "2017.05.25"]
[EventType "swiss"]
[EventRounds "9"]
[EventCountry "USA"]
[SourceTitle "CBM 179"]
[Source "ChessBase"]
[SourceDate "2017.07.12"]
[SourceVersion "1"]
[SourceVersionDate "2017.07.12"]
[SourceQuality "1"]

1. e4 c5 2. Nf3 d6 3. d4 cxd4 4. Nxd4 Nf6 5. Nc3 a6 6. Bg5 e6 7. f4 h6 8. Bh4
Qb6 9. a3 Be7 10. Bf2 Qc7 11. Qf3 b5 (11... Nbd7 {is more common, but I did
not want to define the position of the knight, while Black will play b7-b5
anyway.}) 12. O-O-O (12. e5 Bb7 {gives nothing to White.}) (12. g4 $5 {forces
Black to decide what to do with the b8-knight.} Bb7 $2 {fails to} (12... Nbd7
13. O-O-O {will be a transposition to the main lines}) (12... Nc6 $5 13. Nxc6 (
13. O-O-O Bb7 {transposes to the game}) 13... Qxc6 14. O-O-O Bb7 15. Bd3 Nd7
$13) 13. g5 hxg5 14. fxg5 Nh5 15. g6 $16) 12... Bb7 13. g4 Nc6 {By another
move order, the game has transposed to Grischuk-Vachier Lagrave, London 2015.}
(13... Nbd7 {transposes to the game Nakamura-Vachier Lagrave in London 2016,
which White won and I did not remember clearly, so I wanted to go to more
unknown territories.}) 14. g5 {White is in a hurry to open the kingside. Black
has to find a way not to allow White to play g5-g6 comfortably, because that
will leave Black with weak light squares, especially e6.} ({The previously
mentioned game continued} 14. h4 d5 $1 {and Black managed to equalize} 15. e5 (
15. exd5 Nxd4 16. Bxd4 Nxd5 17. Bxg7 Nxc3 18. Qxc3 Qxc3 19. Bxc3 Bxh1 20. Bxh8
Bf3 21. Rd2 Bxg4 22. Bg2 Rd8 $11) 15... Ne4 16. Nxe4 dxe4 17. Qc3 Rc8 $11)
14... hxg5 (14... Nxd4 {is another resource the computer finds, but it does
not work} 15. Bxd4 hxg5 16. fxg5 Nxe4 $1 {the point behind 14 ... Nxd4,
otherwise White is simply better.} 17. Nxe4 Rh4 18. Bd3 d5 19. Rhf1 O-O-O 20.
Qf2 $1 (20. Qxf7 dxe4 21. Qxe6+ Qd7 22. Qxd7+ Rxd7 23. Be2 Bxg5+ 24. Kb1 $11)
20... Rxh2 21. Qg3 dxe4 22. Qxc7+ Kxc7 23. Be5+ Kb6 24. Bxh2 Bxg5+ 25. Bf4
Bxf4+ 26. Rxf4 exd3 27. Rxf7 $16) 15. fxg5 Ne5 {Covering g6 before moving the
knight on f6.} 16. Qg2 {During the game I only considered this move because it
is the only one that keeps the idea of playing g5-g6. After other moves Black
should be alright because of the control over e5.} ({The computer suggests} 16.
Qf4 Ng6 (16... d5 $5) 17. Qf3 Ne5 {with a draw by repetition, but this would
be an admission that 14.g5 is a bad move.}) 16... Nfg4 {Again the only move to
fight against g5-g6.} (16... Nfd7 17. g6 Nc5 (17... Nxg6 18. Nxe6 $16) 18.
gxf7+ Nxf7 19. h4 $14) 17. g6 {The point behind 16.Qg2, after any other move
Black would just capture the f2-bishop or the g5-pawn, getting a comfortable
position.} Bg5+ {I liked that direct approach, which allowed the queen to
defend f7.} (17... O-O $5 {was an alternative, but I was not sure about the
position after} 18. Bg1) 18. Kb1 Nxf2 19. Qxf2 (19. Bxb5+ $2 {is not dangerous}
axb5 20. Ndxb5 (20. Ncxb5 Qe7 $19) 20... Qc5 21. Nxd6+ Kf8 22. Nxb7 Qb6 23.
Qxg5 f6 $19) (19. gxf7+ $4 Qxf7 $19) 19... Nxg6 {White has many ways of
regaining the pawn, but Black's position should be fine because the
dark-squared bishop is very strong.} 20. Bxb5+ (20. Nxe6 fxe6 21. Qg3 Bf6 22.
Qxg6+ Qf7 23. Qxf7+ Kxf7 24. Rxd6 Rad8 $15 {Black is a pawn down but the pair
of bishops and White's weak pawns on e4 and h2 guarantee that Black is the
only one with winning chances.}) 20... Ke7 $1 (20... axb5 $2 21. Nxe6 $3 (21.
Ndxb5 Qe7 22. Nxd6+ Kf8 $13) (21. Ncxb5 $2 Qb6 $19) 21... fxe6 22. Nxb5 {
and White's attack is too strong, for example} Qc6 23. Nxd6+ Kd8 24. Qf7 $1 Ne7
25. Qxg7 Rg8 26. Qe5 $18) 21. Ba4 Bf6 $15 {Black has the bishop pair and some
weaknesses to attack (e4, h2). Black's king might look exposed on e7 but it is
actually quite safe with all the pieces near it to defend it (especially that
pawn on f7 which survived and keeps e6 defended).} 22. Rhg1 {It is logical to
try to attack g6 and e6 as White to try to gain some practical chances.} ({
I expected} 22. Bb3 {which is more flexible as the rook might stay on h1 and
support h2-h4.}) 22... Ne5 {Taking the knight to the centre and avoiding any
tricks with Nxe6 or Rxg6.} (22... Rh3 $2 23. Nxe6 $18 {is one way to go wrong
as Black}) 23. Bb3 Rh5 (23... Rh3 $1 {trying to play ...Rxc3 was my original
intention, but then I miscalculated the consequences of a sacrifice on e6.} 24.
Rg3 (24. Bxe6 Rxc3 25. Nf5+ Kf8 $19) 24... Rah8 $17) 24. Rg3 (24. Nce2 $5 {
is the kind of practical play that I expected from White, but Black keeps
things under control after} Rah8 (24... Bxe4 25. Nf4 $13 Rh6 26. Rge1 (26.
Nfxe6 fxe6 27. Nxe6 Bxc2+ $1) 26... Qb7 27. Qe3 $13) 25. Nf4 Rxh2 26. Qe1 Qb6)
24... Rah8 (24... Bh4 $2 25. Nxe6 $1 $18) 25. Nf3 Qc5 {Not the best move, but
I wanted to force the white queen to a more passive square, since exchanging
queens leads to a strategically lost position for White.} 26. Qe1 Nxf3 27. Rxf3
Rxh2 $19 {Now it should just be a matter of technique, but I gave White
chances during the time pressure.} 28. Na4 Qc7 29. Rf1 R8h4 {And another pawn
falls.} 30. Rd3 Rxe4 31. Qg3 Reh4 32. Ka2 R2h3 33. Qe1 Rxd3 34. cxd3 Rh2 35.
Rf4 Rh1 36. Qb4 {Here I have to be careful and not allow any tricks with
Rf4-c4 or d4-d5.} Rc1 37. d4 Rg1 $6 {Not a bad move in itself, but it is going
in the wrong direction.} (37... a5 {was simpler, driving White's queen to a
more passive position} 38. Qb5 $2 Qc6 39. Qxa5 Qh1 $19) 38. d5 {And now I was
getting worried about my king in the centre.} exd5 $2 (38... Bxd5 39. Bxd5 exd5
40. Nb6 Qc6 41. Qb3 Rg2 $19) 39. Rf2 $17 {White is taking his chances.} Rc1 {
And the rook has to come back to c1 to prevent Rc2.} 40. Re2+ Kd8 $6 (40... Kf8
{was safer.}) 41. Rh2 ({I expected} 41. Nc3 {trying to activate the knight,
but Black had} a5 42. Qa4 Bc6 43. Qf4 Rxc3 44. bxc3 Bd7 $19) 41... d4 $2 (41...
g5 $1 {it was important to keep the rook out of the back rank and the bishop
will find a safe square on e5.}) 42. Rh8+ Ke7 43. Qd2 $6 (43. Nb6 $1 $36 {
activating the knight would have created Black some problems on the light
squares (Nd5+ or Ba4-Re8+). The resulting position would have been complicated,
though an engine still claims Black's advantage after some computer-like moves
(tough to find over the board), for example} Be5 44. Qd2 (44. Ba4 Be4 45. Re8+
Kf6 46. Nd7+ Kf5 $19) 44... Rc5 45. Qf2 Bf6 46. Ba4 (46. Qe1+ Re5 47. Qb4 d3
$17) 46... Rb5 47. Bxb5 axb5 48. Qe2+ Be5 $17) 43... Be4 {Closing the e-file
and preparing d6-d5 to block the bishop on b3.} 44. Qe2 $4 (44. Nb6 $8 Bb1+ 45.
Ka1 Bf5+ 46. Ka2 Be6 47. Bxe6 fxe6 48. Rc8 Qxb6 (48... Qxc8 49. Nxc8+ Rxc8 50.
Qb4 {should end in a draw after White captures the pawn on a6}) 49. Qxc1 d3 $17
{Black is the only one playing for a win here, but the game is still in
progress.}) 44... Ra1+ $1 (44... Ra1+ $1 45. Kxa1 Qc1+ 46. Ka2 Qb1#) 0-1